| 000 | 00433nam a2200157Ia 4500 | ||
|---|---|---|---|
| 008 | 210716s2005 xx 000 0 und d | ||
| 020 | _a9780143334996 | ||
| 041 | _aeng | ||
| 082 | _a374.22 KALA | ||
| 100 | _aKalam, A P J Abdul. | ||
| 245 |
_aMission India: a vision for Indian youth. _bVision for Indian youth. |
||
| 250 | _a1 | ||
| 260 |
_aNew Delhi _bPenguin Books _c2005 |
||
| 300 | _aviii,103 | ||
| 650 | _aGeneral Management | ||
| 999 |
_c208608 _d208608 |
||